| 000 | 00399cam a2200169ua 4500 | ||
|---|---|---|---|
| 020 | _c4.00 | ||
| 041 |
_amal _h |
||
| 082 |
_a894.812308 _bSIM/JU |
||
| 100 | _aSimclair, Apten . | ||
| 245 |
_aJungle / _cApten Simclair. _hTextual Documents |
||
| 260 |
_aThrissur : _bMangalodayam Ltd. , _c1959. |
||
| 300 | _a350 ; . | ||
| 365 | _a4.00 | ||
| 504 | _a | ||
| 942 | _cBK | ||
| 999 |
_c4945 _d4945 |
||